000 00417nam a2200121Ia 4500
008 160712s9999 xx 000 0 und d
100 _aDe Dios, Emmanuel S.
245 _cEmmanuel S. de Dios
_aPambansang Wika Tungo sa Pambansang Ekonomiya
260 _c2015
_bDaluyan: Journal ng Wikang Filipino
300 _a no. 1
650 _xFILIPINO
856 _uhttp://journals.upd.edu.ph/index.php/djwf/issue/view/529/showToc
999 _c297031
_d297031